Cálculo de funciones vectoriales
Zapisane w:
| Główni autorzy: | , , |
|---|---|
| Format: | Książka |
| Język: | hiszpański |
| Wydane: |
Englewood Cliffs
Prentice-Hall
1973
|
| Hasła przedmiotowe: | |
| Etykiety: |
Dodaj etykietę
Nie ma etykietki, Dołącz pierwszą etykiete!
|
MARC
| LEADER | 00000nam a2200000 a 4500 | ||
|---|---|---|---|
| 001 | UCY3763 | ||
| 003 | CL-VaPUC | ||
| 008 | 950117e19730000US |||||||||||||||||spa|d | ||
| 082 | 0 | 4 | |a 515.63 |b WIL |2 21 |
| 100 | 0 | |a Williamson, Richard E |e author |9 332148 | |
| 700 | 0 | |a Crowell, Richard H |e author |9 332149 | |
| 700 | 0 | |a Trotter, Hale F |e author |9 332150 | |
| 245 | 1 | 0 | |a Cálculo de funciones vectoriales |
| 300 | |a 591 p | ||
| 942 | |c BK | ||
| 945 | |d 19950117 00:00:00 |a mfernand | ||
| 260 | |a Englewood Cliffs |b Prentice-Hall |c 1973 | ||
| 650 | 0 | |a Análisis vectorial |9 260451 | |
| 650 | 0 | |a Funciones de variables reales |9 304566 | |
| 650 | 0 | |a Álgebra vectorial |9 269971 | |
| 583 | |a last modification |c 20120821 11:40:12 |k Rodrigo Vera | ||
| 999 | |c 231817 |d 231815 | ||
| 952 | |0 0 |1 0 |2 ddc |4 0 |6 515_630000000000000_WIL_1973 |7 0 |8 CCM |9 235520 |a BIBCUR |b BIBCUR |c PAC |d 2019-11-15 |i 305523K |o 515.63 WIL 1973 |p 305523K |r 2025-04-22 |w 2019-11-15 |y BK |k CIM | ||
| 952 | |0 0 |1 0 |4 0 |6 515_630000000000000_WIL_1973 |7 0 |8 A |9 235521 |a BIBCUR |b BIBCUR |d 2019-11-15 |i 3128237 |o 515.63 WIL 1973 |p 3128237 |r 2025-04-22 |w 2019-11-15 |y BK |k BCB | ||
| 952 | |0 0 |1 0 |4 0 |6 515_630000000000000_WIL_1973 |7 0 |8 A |9 235523 |a BIBING |b BIBING |d 2019-11-15 |i 1648349 |l 1 |o 515.63 WIL 1973 |p 1648349 |r 2025-01-20 |s 2024-04-29 |w 2019-11-15 |y BK |k EIQ | ||
| 952 | |0 0 |1 0 |4 0 |6 515_630000000000000_WIL_1973 |7 0 |8 A |9 235524 |a BIBING |b BIBING |d 2019-11-15 |i 1648764 |o 515.63 WIL 1973 |p 1648764 |r 2023-03-02 |w 2019-11-15 |y BK |k ING | ||
| 952 | |0 0 |1 0 |4 0 |6 515_630000000000000_WIL_1973 |7 0 |8 A |9 235525 |a BIBING |b BIBING |d 2019-11-15 |i 1648217 |l 2 |m 1 |o 515.63 WIL 1973 |p 1648217 |r 2025-01-20 |s 2024-05-23 |w 2019-11-15 |y BK |k EIQ | ||
| 952 | |0 0 |1 0 |4 0 |6 515_630000000000000_WIL_1973 |7 0 |8 A |9 235526 |a BIBING |b BIBING |d 2019-11-15 |i 1654136 |l 1 |o 515.63 WIL 1973 |p 1654136 |r 2025-01-20 |s 2023-05-03 |w 2019-11-15 |y BK |k EIQ | ||
| 952 | |0 0 |1 0 |4 0 |6 515_630000000000000_WIL_1973 |7 0 |8 A |9 235527 |a BIBCUR |b BIBCUR |d 2019-11-15 |i 1747681 |o 515.63 WIL 1973 |p 1747681 |r 2025-04-22 |w 2019-11-15 |y BK |k BCB | ||
| 952 | |0 0 |1 0 |4 0 |6 515_630000000000000_WIL_1973 |7 0 |8 A |9 235529 |a BIBALI |b BIBALI |c GEN |d 2019-11-15 |i 1964755 |o 515.63 WIL 1973 |p 1964755 |r 2025-01-20 |w 2019-11-15 |y BK |k ALI | ||
| 952 | |0 0 |1 0 |4 0 |6 515_630000000000000_WIL_1973 |7 0 |8 A |9 235530 |a BIBALI |b BIBALI |c GEN |d 2019-11-15 |i 1964763 |o 515.63 WIL 1973 |p 1964763 |r 2025-01-20 |w 2019-11-15 |y BK |k ALI | ||
| 952 | |0 0 |1 0 |2 ddc |4 0 |6 515_630000000000000_WIL_1973 |7 0 |8 A |9 235531 |a BIBMAT |b BIBMAT |d 2019-11-15 |i 1309412 |o 515.63 WIL 1973 |p 1309412 |r 2025-01-07 |w 2019-11-15 |y BK |k MAT | ||
| 952 | |0 0 |1 0 |2 ddc |4 0 |6 515_630000000000000_WIL_1973 |7 0 |8 A |9 235532 |a BIBMAT |b BIBMAT |d 2019-11-15 |i 1317865 |o 515.63 WIL 1973 |p 1317865 |r 2025-01-07 |w 2019-11-15 |y BK |k MAT | ||